header

Last minute speeches and toasts (Record no. 854)

MARC details
000 -LEADER
fixed length control field 01119nam a2200313 a 4500
082 04 - DEWEY DECIMAL CLASSIFICATION NUMBER
Classification number 808.5/1
100 1# - MAIN ENTRY--AUTHOR NAME
Personal name Frothingham, Andrew.
245 10 - TITLE STATEMENT
Title Last minute speeches and toasts
260 ## - PUBLICATION, DISTRIBUTION, ETC. (IMPRINT)
Place of publication Franklin Lakes, N.J. :
Name of publisher Career Press,
Year of publication 2001.
300 ## - PHYSICAL DESCRIPTION
Number of Pages 159 p.
500 ## - GENERAL NOTE
General note Includes index.
650 #0 - SUBJECT ADDED ENTRY--TOPICAL TERM
Topical Term Speeches, addresses, etc.
Topical Term Toasts.
Topical Term Speechwriting.
856 40 - ELECTRONIC LOCATION AND ACCESS
Uniform Resource Identifier http://site.ebrary.com/lib/rucke/Doc?id=10007005

No items available.

© 2026 Rongo University
Contact us: librarian | system librarian | Rongo university